00365nam a2200109 a 450000500170000000800410001705000250005810000190008324500870010226000400018965000260022920140414093842.0081125s19uu xx uuu eng d aVCD 940.53bR25 2004 aRees, Laurence aWar of the century, when Hitler fought Stalin :bLearning to win /cLaurence Rees. aQuezon City :bMagnaVision,cc2004. aWorld War, 1939-1945.